00311nam a2200097Ia 4500008004100000082001500041100003800056245006300094260004600157300001000203210430s9999 xx 000 0 und d a310 G212 S aHenry E. Garrett, R.S. Woodworth. aStatistics in Psychology and education /cHenry E. Garrett aIslamabadbNational Book Foundationc2000 a546p.